[Event "GBR-ch77"]
[Site "Eastbourne"]
[Date "1990.08.07"]
[Round "8.18"]
[White "Hawksworth, John C"]
[Black "Littlewood, John Eric"]
[Result "1/2-1/2"]
[WhiteElo "2370"]
[BlackElo "2320"]
[PlyCount "131"]
[EventDate "1990.07.30"]
[EventType "swiss"]
[EventRounds "11"]
[EventCountry "GBR"]
[SourceTitle "BritBase"]

1. d4 Nf6 2. c4 g6 3. g3 Bg7 4. Bg2 O-O 5. Nc3 d6 6. Nf3 Nbd7 7. O-O e5 8. e4
exd4 9. Nxd4 Re8 10. h3 c6 11. b3 Nc5 12. Re1 d5 13. cxd5 cxd5 14. exd5 Rxe1+
15. Qxe1 Nxd5 16. Nxd5 Bxd4 17. Be3 Nd3 18. Qf1 Bxe3 19. fxe3 Ne5 20. Rd1 Kg7
21. Qf4 Qd6 22. Rf1 Bxh3 23. Nf6 Bxg2 24. Kxg2 Rc8 25. Kg1 Qc5 26. g4 h6 27.
Qe4 Rd8 28. Qf4 Rd3 29. Re1 Qc3 30. Rf1 Rxe3 31. Nd5 Rg3+ 32. Kh2 Rh3+ 33. Kg2
Rg3+ 34. Kh2 Nxg4+ 35. Qxg4 Rxg4 36. Nxc3 Rd4 37. Kg3 h5 38. Rd1 Rg4+ 39. Kf3
g5 40. Rd7 Rf4+ 41. Kg2 g4 42. Ne2 Re4 43. Ng3 Re5 44. Rxb7 h4 45. Rxa7 Kg6 46.
Nf1 Re2+ 47. Kg1 f5 48. a4 h3 49. Rd7 Rg2+ 50. Kh1 Rb2 51. Rd1 f4 52. Nd2 g3
53. a5 Kf5 54. b4 Kg4 55. a6 h2 56. Ne4 Rxb4 57. Nf2+ gxf2 58. Kg2 Rb2 59. Rf1
f3+ 60. Kxh2 Kf4 61. a7 Ra2 62. a8=Q Rxa8 63. Rxf2 Ke3 64. Rb2 Rd8 65. Kg3 Rg8+
66. Kh2 1/2-1/2

[Event "GBR-ch77"]
[Site "Eastbourne"]
[Date "1990.08.07"]
[Round "8.19"]
[White "Carton, Niall"]
[Black "Parker, Jonathan"]
[Result "1/2-1/2"]
[WhiteElo "2220"]
[BlackElo "2355"]
[PlyCount "60"]
[EventDate "1990.07.30"]
[EventType "swiss"]
[EventRounds "11"]
[EventCountry "GBR"]
[SourceTitle "BritBase"]

1. e4 c5 2. Nc3 Nc6 3. f4 g6 4. Nf3 Bg7 5. Bc4 e6 6. f5 Nge7 7. fxe6 dxe6 8.
O-O O-O 9. d3 Na5 10. Bb3 Nxb3 11. axb3 e5 12. Bg5 f6 13. Be3 b6 14. Qd2 Be6
15. Ra6 Qd7 16. Rfa1 Nc6 17. Rd1 Rac8 18. Ra4 Rfd8 19. Qe2 Nd4 20. Qf2 Qe7 21.
Raa1 Rd7 22. h3 Qf8 23. Rf1 Rcd8 24. Ra6 Rf7 25. Kh1 Rdd7 26. Qd2 h6 27. Nh4
Kh7 28. Raa1 Qc8 29. g4 Rd8 30. Qg2 Rdf8 1/2-1/2

[Event "GBR-ch77"]
[Site "Eastbourne"]
[Date "1990.08.07"]
[Round "8.20"]
[White "Franklin, Michael J"]
[Black "Cullip, Stephen"]
[Result "1/2-1/2"]
[WhiteElo "2330"]
[BlackElo "2270"]
[PlyCount "67"]
[EventDate "1990.07.30"]
[EventType "swiss"]
[EventRounds "11"]
[EventCountry "GBR"]
[SourceTitle "BritBase"]

1. d4 Nf6 2. Nf3 d6 3. Bf4 g6 4. h3 Bg7 5. e3 Bf5 6. Nbd2 O-O 7. Bc4 Nc6 8. c3
Qe8 9. O-O e5 10. Bh2 Qe7 11. Kh1 Rfe8 12. Re1 e4 13. Ng1 a6 14. a4 Nd8 15. Ne2
Be6 16. Bxe6 Nxe6 17. a5 Ng5 18. Nf4 Ne6 19. Ne2 h5 20. Ra4 Nd8 21. Nf4 Qd7 22.
Rf1 g5 23. Ne2 Qf5 24. Ra3 g4 25. h4 Nh7 26. Bf4 Ne6 27. g3 Nhf8 28. Kg2 Ng6
29. Rh1 Rab8 30. b4 Bf6 31. Qb1 Rbd8 32. Rb3 c6 33. Nf1 Qb5 34. Qd1 1/2-1/2

[Event "GBR-ch77"]
[Site "Eastbourne"]
[Date "1990.08.07"]
[Round "8.21"]
[White "Large, Peter G"]
[Black "Findlay, Ian T"]
[Result "1-0"]
[WhiteElo "2325"]
[BlackElo "2340"]
[PlyCount "63"]
[EventDate "1990.07.30"]
[EventType "swiss"]
[EventRounds "11"]
[EventCountry "GBR"]
[SourceTitle "BritBase"]

1. e4 c5 2. Nf3 d6 3. d4 cxd4 4. Nxd4 Nf6 5. Nc3 g6 6. Be3 Bg7 7. f3 Nc6 8. Qd2
O-O 9. Bc4 Bd7 10. O-O-O Ne5 11. Bb3 Rc8 12. h4 Nc4 13. Bxc4 Rxc4 14. g4 h5 15.
gxh5 Nxh5 16. Nde2 Qa5 17. Bh6 Rfc8 18. Bxg7 Kxg7 19. Rdg1 R8c5 20. Rg5 b5 21.
e5 Be6 22. Nd4 Rxe5 23. Rxe5 dxe5 24. Nxe6+ fxe6 25. Qg5 Qc7 26. Nxb5 Rxc2+ 27.
Kb1 Qc5 28. Nc3 Qf2 29. Qxe7+ Kh6 30. Rd1 Rxb2+ 31. Ka1 Qc2 32. Qf8+ 1-0

[Event "GBR-ch77"]
[Site "Eastbourne"]
[Date "1990.08.07"]
[Round "8.22"]
[White "Lalic, Susan"]
[Black "Cooper, John Grantley"]
[Result "1/2-1/2"]
[WhiteElo "2270"]
[BlackElo "2390"]
[PlyCount "101"]
[EventDate "1990.07.30"]
[EventType "swiss"]
[EventRounds "11"]
[EventCountry "GBR"]
[SourceTitle "BritBase"]

1. e4 c5 2. c3 e6 3. d4 d5 4. e5 Nc6 5. Nf3 Qb6 6. a3 c4 7. g3 f6 8. exf6 Nxf6
9. Bh3 Bd6 10. Qe2 O-O 11. Bxe6+ Bxe6 12. Qxe6+ Kh8 13. O-O Na5 14. Nbd2 Rae8
15. Qh3 Re2 16. Re1 Rxe1+ 17. Nxe1 Qb5 18. Nc2 Qe8 19. Ne3 h6 20. Qf1 Qg6 21.
Qd1 Re8 22. b4 cxb3 23. Nxb3 Nxb3 24. Qxb3 Qd3 25. Ra2 Ne4 26. Qc2 Qxc3 27.
Qxc3 Nxc3 28. Rc2 Nb5 29. Bb2 Nxa3 30. Bxa3 Bxa3 31. Ra2 Bc1 32. Rxa7 Bxe3 33.
fxe3 Rxe3 34. Rxb7 Rd3 35. Rb4 Rd2 36. h4 h5 37. Kf1 Kh7 38. Ke1 Rg2 39. Rb3
Kg6 40. Kf1 Rd2 41. Re3 Rxd4 42. Re5 Rd3 43. Rg5+ Kh6 44. Ke2 Ra3 45. g4 hxg4
46. Rxd5 Rh3 47. Kf2 g6 48. Rd7 Ra3 49. Kg2 Rf3 50. Ra7 Rh3 51. Ra8 1/2-1/2

[Event "GBR-ch77"]
[Site "Eastbourne"]
[Date "1990.08.07"]
[Round "8.23"]
[White "Ravikumar, Vaidyanathan"]
[Black "Flear, Christine"]
[Result "1-0"]
[WhiteElo "2355"]
[BlackElo "2160"]
[PlyCount "85"]
[EventDate "1990.07.30"]
[EventType "swiss"]
[EventRounds "11"]
[EventCountry "GBR"]
[SourceTitle "BritBase"]

1. c4 f5 2. Nc3 Nf6 3. g3 g6 4. Bg2 Bg7 5. d3 d6 6. e3 O-O 7. Nge2 a5 8. Rb1 e5
9. O-O Nc6 10. b3 Bd7 11. Bb2 Rb8 12. Qd2 Ne7 13. Nb5 Bxb5 14. cxb5 c6 15. bxc6
bxc6 16. Rfc1 Qb6 17. d4 e4 18. Ba3 Rfd8 19. Nc3 Nfd5 20. Na4 Qa7 21. Rc4 Nb6
22. Nxb6 Qxb6 23. Rbc1 Rbc8 24. Ra4 Ra8 25. Qc2 Rac8 26. Bf1 Kf8 27. Qc3 Ra8
28. Qc4 Qb7 29. Qe6 Qd7 30. Qxd7 Rxd7 31. b4 Rda7 32. bxa5 Rxa5 33. Rxa5 Rxa5
34. Bxd6 Rxa2 35. Rxc6 Ke8 36. Rc7 Bf6 37. Bb5+ Kf8 38. h4 Ra1+ 39. Kg2 Ra2 40.
Bc5 Ra8 41. d5 Rd8 42. Bc4 Ke8 43. d6 1-0

[Event "GBR-ch77"]
[Site "Eastbourne"]
[Date "1990.08.07"]
[Round "8.25"]
[White "Cooper, Lawrence"]
[Black "Collinson, Adam"]
[Result "1/2-1/2"]
[WhiteElo "2270"]
[BlackElo "2315"]
[PlyCount "76"]
[EventDate "1990.07.30"]
[EventType "swiss"]
[EventRounds "11"]
[EventCountry "GBR"]
[SourceTitle "BritBase"]

1. d4 Nf6 2. Nf3 g6 3. Nc3 Bg7 4. e4 d6 5. h3 c6 6. a4 O-O 7. Be3 Qa5 8. Nd2
Nbd7 9. Be2 Rd8 10. O-O Qc7 11. f4 e5 12. dxe5 dxe5 13. f5 b6 14. Qe1 Bb7 15.
Qh4 Rf8 16. Rf2 a6 17. Raf1 b5 18. Bg5 Qd6 19. Bd3 Rae8 20. g4 Bc8 21. Bh6 Bxh6
22. Qxh6 Kh8 23. Nf3 Ng8 24. Qh4 Qe7 25. g5 Qb4 26. axb5 axb5 27. Nh2 Qxb2 28.
fxg6 fxg6 29. Rf7 Rxf7 30. Rxf7 Nf8 31. Ne2 Qb4 32. Nf3 Be6 33. Rc7 Qd6 34. Rb7
Nd7 35. Qg3 Ne7 36. h4 Rg8 37. Kh2 Ra8 38. Ned4 Nc5 1/2-1/2

[Event "GBR-ch77"]
[Site "Eastbourne"]
[Date "1990.08.07"]
[Round "8.26"]
[White "Wall, Timothy"]
[Black "Summerscale, Aaron"]
[Result "0-1"]
[WhiteElo "2270"]
[BlackElo "2315"]
[PlyCount "44"]
[EventDate "1990.07.30"]
[EventType "swiss"]
[EventRounds "11"]
[EventCountry "GBR"]
[SourceTitle "BritBase"]

1. f4 g6 2. Nf3 Bg7 3. g3 d6 4. Bg2 e5 5. c3 Nc6 6. d3 h6 7. Na3 Be6 8. Qc2 Qd7
9. Rg1 Rb8 10. Bd2 b5 11. O-O-O Nge7 12. e4 b4 13. Nc4 exf4 14. gxf4 bxc3 15.
Bxc3 Nb4 16. Qb1 Bxc3 17. bxc3 Nxd3+ 18. Qxd3 Qa4 19. Qd4 O-O 20. Nb2 Qxa2 21.
c4 Nc6 22. Qf6 Ne5 0-1

[Event "GBR-ch77"]
[Site "Eastbourne"]
[Date "1990.08.07"]
[Round "8.27"]
[White "McLaren, Leonard"]
[Black "Rahman, Tahmidur"]
[Result "1/2-1/2"]
[WhiteElo "2205"]
[BlackElo "2310"]
[PlyCount "44"]
[EventDate "1990.07.30"]
[EventType "swiss"]
[EventRounds "11"]
[EventCountry "GBR"]
[SourceTitle "BritBase"]

1. e4 d5 2. exd5 Nf6 3. d4 Nxd5 4. c4 Nb6 5. Nc3 e5 6. d5 Bc5 7. Ne4 Bb4+ 8.
Bd2 Bxd2+ 9. Qxd2 O-O 10. O-O-O f5 11. Nc3 Na6 12. Nf3 Qf6 13. Be2 e4 14. Nd4
Nc5 15. Ncb5 Bd7 16. Kb1 c6 17. Nc3 Rfd8 18. Nc2 Nca4 19. Nxa4 Nxa4 20. Qd4
Qxd4 21. Rxd4 c5 22. Rd2 Rab8 1/2-1/2

[Event "GBR-ch77"]
[Site "Eastbourne"]
[Date "1990.08.07"]
[Round "8.30"]
[White "Bibby, Simon"]
[Black "Giddins, Stephen W"]
[Result "1-0"]
[WhiteElo "2280"]
[BlackElo "2305"]
[PlyCount "59"]
[EventDate "1990.07.30"]
[EventType "swiss"]
[EventRounds "11"]
[EventCountry "GBR"]
[SourceTitle "BritBase"]
[Source "John Saunders"]
[SourceDate "2024.08.22"]
[SourceVersion "1"]
[SourceVersionDate "2024.08.22"]
[SourceQuality "1"]

1. e4 e6 2. d4 d5 3. Nd2 Nf6 4. e5 Nfd7 5. f4 ({Move order given as} 5. c3 c5 6. f4 {on databases but Steve Giddins' own record shows 5 f4}) 5... c5 6. c3 Nc6 7. Ndf3 Qb6 8. h4 f6 9. Bd3 Be7 10. Ne2 O-O 11. a3 cxd4 12. cxd4 Kh8 13. Bb1 Rf7 14. Qd3 Nf8 15. b4 Bd7 16. Be3 Rc8 17. h5 Nd8 18. Nc3 Qc6 19. Bd2 Qc4 20. Qxc4 dxc4 21. Bg6 Nxg6 22. hxg6 Rf8 23. d5 exd5 24. Nxd5 Re8 25. Rxh7+ Kg8 26. O-O-O Bf5 27. Nh4 Be4 28. Nxe7+ Rxe7 29. Rh1 c3 30. Be3 {Source: Steve Giddins} 1-0

[Event "GBR-ch77"]
[Site "Eastbourne"]
[Date "1990.08.07"]
[Round "8.36"]
[White "Clarke, Thomas M"]
[Black "Bryce, Andrew"]
[Result "1-0"]
[WhiteElo "2215"]
[BlackElo "2250"]
[PlyCount "67"]
[EventDate "1990.07.30"]
[EventType "swiss"]
[EventRounds "11"]
[EventCountry "GBR"]
[SourceTitle "BritBase"]

1. e4 c6 2. d4 d5 3. Nc3 dxe4 4. Nxe4 Nf6 5. Nxf6+ exf6 6. c3 Be6 7. Bd3 Bd6 8.
f4 f5 9. Nf3 Qc7 10. g3 f6 11. c4 Qf7 12. O-O O-O 13. Qc2 g6 14. Bd2 Re8 15. b4
Nd7 16. a4 Bc7 17. a5 Rac8 18. Rac1 Nf8 19. h4 Qd7 20. h5 b5 21. hxg6 hxg6 22.
cxb5 cxb5 23. Qc6 Bb8 24. Qxb5 Qxb5 25. Bxb5 Red8 26. Ba6 Rxc1 27. Rxc1 Kf7 28.
Bb7 g5 29. fxg5 Bxg3 30. gxf6 Bd5 31. Bxd5+ Rxd5 32. Rc5 Ke6 33. Kg2 Bb8 34.
Ng5+ 1-0

[Event "GBR-ch77"]
[Site "Eastbourne"]
[Date "1990.08.08"]
[Round "9.1"]
[White "Mestel, A Jonathan"]
[Black "King, Daniel J"]
[Result "1/2-1/2"]
[WhiteElo "2505"]
[BlackElo "2560"]
[PlyCount "69"]
[EventDate "1990.07.30"]
[EventType "swiss"]
[EventRounds "11"]
[EventCountry "GBR"]
[SourceTitle "BritBase"]

1. Nf3 d6 2. d4 Bg4 3. e4 Nf6 4. h3 Bh5 5. Nc3 e6 6. Be2 Be7 7. O-O O-O 8. Bg5
d5 9. exd5 Nxd5 10. Bxe7 Qxe7 11. Qd2 Nd7 12. Rfe1 N7f6 13. Ne5 Bxe2 14. Nxe2
c5 15. c4 Nb4 16. a3 Nc6 17. Qe3 Nxd4 18. Nxd4 cxd4 19. Qxd4 Rfd8 20. Qc3 Nd7
21. b4 Nxe5 22. Qxe5 b6 23. Rac1 Rac8 24. c5 bxc5 25. Rxc5 Rxc5 26. bxc5 Qb7
27. Re4 Qd5 28. Qc7 Qd7 29. Qxd7 Rxd7 30. Ra4 g5 31. Kf1 Rd5 32. Rc4 Kf8 33. c6
Rd8 34. Ra4 Rc8 35. Rxa7 1/2-1/2

[Event "GBR-ch77"]
[Site "Eastbourne"]
[Date "1990.08.08"]
[Round "9.3"]
[White "Plaskett, H James"]
[Black "Watson, William N"]
[Result "1-0"]
[WhiteElo "2445"]
[BlackElo "2495"]
[PlyCount "123"]
[EventDate "1990.07.30"]
[EventType "swiss"]
[EventRounds "11"]
[EventCountry "GBR"]
[SourceTitle "BritBase"]

1. d4 Nf6 2. c4 g6 3. Nc3 Bg7 4. e4 d6 5. f3 O-O 6. Be3 Nbd7 7. Qd2 c5 8. d5
Ne5 9. Bg5 e6 10. f4 Neg4 11. dxe6 Bxe6 12. Nf3 b5 13. cxb5 d5 14. e5 d4 15.
exf6 Nxf6 16. Bxf6 Qxf6 17. Ne4 Qe7 18. Kf2 Bd5 19. Ng3 c4 20. Re1 Qc5 21. Ne5
Rad8 22. b3 c3 23. Qd3 Bh6 24. Ne2 Bb7 25. Ng4 Bg7 26. Nc1 Qc7 27. Ne5 Qb6 28.
Be2 Bh6 29. g3 Bxh1 30. Rxh1 Bg7 31. Bf3 Bxe5 32. fxe5 Rfe8 33. Re1 Qc5 34. Qc4
Qxc4 35. bxc4 d3 36. Nb3 d2 37. Rf1 c2 38. Nxd2 Rxd2+ 39. Ke3 Rxh2 40. Kd4 Rd8+
41. Kc3 Re8 42. Be4 Rxe5 43. Bxc2 Re3+ 44. Kd4 Rxg3 45. Bb3 Rd2+ 46. Kc5 Rgd3
47. Kb4 Rd7 48. c5 Kf8 49. c6 Re7 50. Rc1 Rc7 51. Re1 Re7 52. Rc1 Rc7 53. a4
Ke7 54. Kc5 Rd3 55. Bd5 Ra3 56. a5 Rxa5 57. Kb4 Kd6 58. Rd1 Ra1 59. Rxa1 Kxd5
60. Rd1+ Ke6 61. Kc5 Ke7 62. Re1+ 1-0

[Event "GBR-ch77"]
[Site "Eastbourne"]
[Date "1990.08.08"]
[Round "9.5"]
[White "Hodgson, Julian M"]
[Black "Morris, Philip"]
[Result "1-0"]
[WhiteElo "2555"]
[BlackElo "2380"]
[PlyCount "81"]
[EventDate "1990.07.30"]
[EventType "swiss"]
[EventRounds "11"]
[EventCountry "GBR"]
[SourceTitle "BritBase"]

1. g3 Nf6 2. Bg2 d5 3. d3 g6 4. c4 Bg7 5. cxd5 Nxd5 6. Qb3 Nb6 7. Nc3 O-O 8.
Nf3 Nc6 9. O-O h6 10. Be3 e5 11. Rfc1 Nd4 12. Qd1 a5 13. Bd2 c6 14. Ne4 Nd5 15.
Nc5 Kh7 16. e3 Nxf3+ 17. Bxf3 b6 18. Na4 Bd7 19. a3 Rb8 20. b4 axb4 21. axb4
Qe7 22. Rab1 Qd6 23. e4 Ne7 24. Be3 Nc8 25. Nb2 Na7 26. Nc4 Qc7 27. d4 exd4 28.
Bxd4 Nb5 29. Bxg7 Kxg7 30. Qd2 Be6 31. Qb2+ f6 32. e5 Bd5 33. Bxd5 cxd5 34. Nd6
Qd7 35. exf6+ Kg8 36. Nxb5 Qxb5 37. Rc7 Rf7 38. Rxf7 Kxf7 39. Qc1 Qd3 40. Qc7+
Kxf6 41. Re1 1-0

[Event "GBR-ch77"]
[Site "Eastbourne"]
[Date "1990.08.08"]
[Round "9.6"]
[White "Murshed, Niaz"]
[Black "Suba, Mihai"]
[Result "1/2-1/2"]
[WhiteElo "2465"]
[BlackElo "2520"]
[PlyCount "88"]
[EventDate "1990.07.30"]
[EventType "swiss"]
[EventRounds "11"]
[EventCountry "GBR"]
[SourceTitle "BritBase"]

1. d4 Nf6 2. Nf3 e6 3. c4 c5 4. e3 d5 5. Nc3 Nc6 6. cxd5 exd5 7. Be2 cxd4 8.
Nxd4 Bd6 9. O-O O-O 10. b3 Qe7 11. Bb2 Rd8 12. Rc1 Nxd4 13. Qxd4 Be5 14. Qh4 d4
15. Ne4 Bf5 16. f4 d3 17. fxe5 dxe2 18. Nxf6+ gxf6 19. Rfe1 Re8 20. e6 Qxe6 21.
Rxe2 Rac8 22. Rf1 Rc6 23. e4 Bg6 24. Bxf6 Qd6 25. Bb2 Qc5+ 26. Kh1 Qh5 27. Qf2
f6 28. e5 Rce6 29. Re3 fxe5 30. Rf3 b6 31. Rf8+ Kg7 32. Rxe8 Rxe8 33. Qf6+ Kg8
34. Re1 Be4 35. Kg1 Qg4 36. Qf1 Bd5 37. h3 Qg5 38. Qe2 h5 39. h4 Qxh4 40. Rd1
Bf7 41. Rf1 Qg5 42. Qe4 Bg6 43. Qd5+ Kh7 44. Re1 Qd8 1/2-1/2

[Event "GBR-ch77"]
[Site "Eastbourne"]
[Date "1990.08.08"]
[Round "9.8"]
[White "Ward, Christopher R"]
[Black "Muir, Andrew Joseph"]
[Result "1/2-1/2"]
[WhiteElo "2460"]
[BlackElo "2310"]
[PlyCount "95"]
[EventDate "1990.07.30"]
[EventType "swiss"]
[EventRounds "11"]
[EventCountry "GBR"]
[SourceTitle "BritBase"]

1. c4 e6 2. Nf3 d5 3. b3 Nf6 4. Bb2 Be7 5. e3 O-O 6. Be2 c5 7. O-O Nc6 8. cxd5
Nxd5 9. Nc3 Nxc3 10. Bxc3 b6 11. Qc1 Bb7 12. Qb2 Bf6 13. Bxf6 Qxf6 14. Qxf6
gxf6 15. a3 Rfd8 16. Rab1 Ne5 17. Nxe5 fxe5 18. Rb2 Be4 19. f3 Bd3 20. Kf2 Rd6
21. Rc1 a5 22. Bxd3 Rxd3 23. Ke2 Rd5 24. Rc4 Rad8 25. Ra4 Kg7 26. Rc2 R8d7 27.
b4 axb4 28. axb4 cxb4 29. Rxb4 R7d6 30. Rcb2 Kg6 31. Rg4+ Kf6 32. Rg8 h6 33.
Rb8 Kg7 34. h4 Rd3 35. g4 R3d5 36. Rc2 Rd3 37. Rb7 Kg8 38. Ke1 Kg7 39. Rb8 Kg6
40. Rg8+ Kh7 41. Rb8 Kg6 42. h5+ Kg7 43. Rb2 R3d5 44. Rc8 Rd3 45. Ke2 R3d5 46.
Rc3 Kf6 47. Rc7 Rd3 48. Rb7 1/2-1/2

[Event "GBR-ch77"]
[Site "Eastbourne"]
[Date "1990.08.08"]
[Round "9.9"]
[White "Arkell, Keith C"]
[Black "Tozer, Richard"]
[Result "1/2-1/2"]
[WhiteElo "2430"]
[BlackElo "2285"]
[PlyCount "96"]
[EventDate "1990.07.30"]
[EventType "swiss"]
[EventRounds "11"]
[EventCountry "GBR"]
[SourceTitle "BritBase"]

1. d4 Nf6 2. Nf3 e6 3. c4 Bb4+ 4. Bd2 a5 5. g3 d6 6. Bg2 O-O 7. O-O Bxd2 8.
Qxd2 Nc6 9. d5 Nb8 10. dxe6 fxe6 11. Nd4 e5 12. Nb5 Nbd7 13. N1c3 Nc5 14. Qc2
c6 15. Na3 Qe8 16. Rad1 Qh5 17. f3 Ne8 18. Qc1 Rf6 19. Rf2 Qg6 20. Nab1 h5 21.
Nd2 Bf5 22. Nf1 Rd8 23. h4 Nc7 24. b3 Qf7 25. Qe3 N7e6 26. Kh2 Nd4 27. Bh3 Rg6
28. Bxf5 Nxf5 29. Qd2 Qe7 30. Rg2 Ne6 31. Qe1 Ned4 32. Ne4 b6 33. Qf2 d5 34.
cxd5 cxd5 35. Ng5 Rc6 36. Ne3 Nxe3 37. Qxe3 Nc2 38. Qd2 d4 39. Rc1 Ne3 40. Rgg1
Rdc8 41. Qd3 g6 42. Rxc6 Rxc6 43. Rc1 Rxc1 44. Qxg6+ Qg7 45. Qe8+ Qf8 46. Qe6+
Kg7 47. Qd7+ Kg6 48. Qe6+ Kg7 1/2-1/2

[Event "GBR-ch77"]
[Site "Eastbourne"]
[Date "1990.08.08"]
[Round "9.10"]
[White "Coleman, David"]
[Black "Wells, Peter K"]
[Result "1/2-1/2"]
[WhiteElo "2235"]
[BlackElo "2415"]
[PlyCount "83"]
[EventDate "1990.07.30"]
[EventType "swiss"]
[EventRounds "11"]
[EventCountry "GBR"]
[SourceTitle "BritBase"]

1. e4 c6 2. d4 d5 3. exd5 cxd5 4. c4 Nf6 5. Nc3 Nc6 6. Bg5 Be6 7. Nge2 dxc4 8.
Nf4 Qd6 9. d5 Nxd5 10. Nfxd5 O-O-O 11. Bf4 Qc5 12. Be3 Qa5 13. Bxc4 Bxd5 14.
Bxd5 e6 15. Bxe6+ fxe6 16. Qe2 Bb4 17. O-O Bxc3 18. bxc3 Rhf8 19. Rab1 Qf5 20.
Qc4 Qd5 21. Qa4 a6 22. Bb6 Rd7 23. Rbd1 Qb5 24. Qa3 Rf5 25. Rxd7 Kxd7 26. Be3
Qc4 27. Rb1 Rb5 28. Rd1+ Rd5 29. Rb1 Qd3 30. Qc1 Na5 31. a4 Nb3 32. Qe1 Qc4 33.
f3 Qxa4 34. Qg3 g6 35. Qb8 Na5 36. Bb6 Rd1+ 37. Rxd1+ Qxd1+ 38. Kf2 Qd2+ 39.
Kg3 Qg5+ 40. Kf2 Qd2+ 41. Kg3 Qg5+ 42. Kf2 1/2-1/2

[Event "GBR-ch77"]
[Site "Eastbourne"]
[Date "1990.08.08"]
[Round "9.11"]
[White "Large, Peter G"]
[Black "Norwood, David"]
[Result "0-1"]
[WhiteElo "2325"]
[BlackElo "2515"]
[PlyCount "90"]
[EventDate "1990.07.30"]
[EventType "swiss"]
[EventRounds "11"]
[EventCountry "GBR"]
[SourceTitle "BritBase"]

1. e4 g6 2. d4 Bg7 3. f4 c5 4. Nf3 cxd4 5. Nxd4 Nc6 6. Nb3 d6 7. Be2 f5 8. exf5
Bxf5 9. O-O Qb6+ 10. Kh1 Nf6 11. Nc3 O-O 12. Bf3 e5 13. Qe2 Nd4 14. Nxd4 exd4
15. Nd5 Nxd5 16. Bxd5+ Kh8 17. g4 Qc5 18. Qg2 Bxc2 19. b4 Qb5 20. Bd2 Rae8 21.
Rae1 Bd3 22. Rg1 Be2 23. Bxb7 Qd3 24. Bc1 Re7 25. Bd5 Rfe8 26. Qg3 Qxg3 27.
hxg3 Bf3+ 28. Bxf3 Rxe1 29. Bd2 Rxg1+ 30. Kxg1 d3 31. b5 Bd4+ 32. Kf1 Kg7 33.
a4 d5 34. g5 Be3 35. Ke1 Bxf4+ 36. Kd1 Bxd2 37. Kxd2 Re5 38. Kxd3 Rxg5 39. g4
h5 40. gxh5 gxh5 41. a5 Kf6 42. Kd4 Ke6 43. a6 Rf5 44. Bg2 Rf4+ 45. Kc5 Rc4#
0-1

[Event "GBR-ch77"]
[Site "Eastbourne"]
[Date "1990.08.08"]
[Round "9.12"]
[White "Walker, David"]
[Black "Howell, James C"]
[Result "1-0"]
[WhiteElo "2325"]
[BlackElo "2415"]
[PlyCount "81"]
[EventDate "1990.07.30"]
[EventType "swiss"]
[EventRounds "11"]
[EventCountry "GBR"]
[SourceTitle "BritBase"]

1. d4 Nf6 2. c4 g6 3. Nc3 Bg7 4. e4 d6 5. Nf3 O-O 6. Be2 e5 7. O-O Nc6 8. d5
Ne7 9. Ne1 Nd7 10. Nd3 f5 11. Bd2 Nf6 12. f3 f4 13. g4 h5 14. h3 c6 15. Kg2 Bd7
16. Be1 Nh7 17. c5 cxd5 18. cxd6 Nc8 19. Nxe5 Be6 20. Nxg6 d4 21. Nxf8 Nxf8 22.
Nb5 Nxd6 23. Nxd4 Bf7 24. Bc3 hxg4 25. hxg4 Ng6 26. Nf5 Nh4+ 27. Nxh4 Bxc3 28.
bxc3 Qxh4 29. Qe1 Qf6 30. Rd1 Rc8 31. Qd2 Rc6 32. Rh1 Ne8 33. Qd4 Qxd4 34. cxd4
Rc2 35. Kf1 Bxa2 36. Rh5 b6 37. d5 Nf6 38. Rf5 Kg7 39. Rxf4 Nd7 40. Rf5 Nc5 41.
e5 1-0

[Event "GBR-ch77"]
[Site "Eastbourne"]
[Date "1990.08.08"]
[Round "9.13"]
[White "Martin, Andrew D"]
[Black "Rayner, Francis"]
[Result "1-0"]
[WhiteElo "2415"]
[BlackElo "2230"]
[PlyCount "79"]
[EventDate "1990.07.30"]
[EventType "swiss"]
[EventRounds "11"]
[EventCountry "GBR"]
[SourceTitle "BritBase"]

1. e4 e5 2. Bc4 Nf6 3. Nc3 Bb4 4. f4 d6 5. Nf3 O-O 6. O-O Nc6 7. d3 Na5 8. Bb3
c6 9. fxe5 dxe5 10. Kh1 Nxb3 11. axb3 Nd7 12. Qe1 Be7 13. Qg3 Bf6 14. Be3 Re8
15. Qf2 a6 16. g4 g6 17. Ng5 Rf8 18. Qh4 Bxg5 19. Bxg5 f6 20. Be3 Rf7 21. g5 f5
22. exf5 gxf5 23. Ne4 Qe7 24. Nf6+ Nxf6 25. gxf6 Qxf6 26. Rg1+ Kh8 27. Bg5 Qe6
28. d4 b5 29. Rae1 Bb7 30. c4 c5+ 31. d5 Rg8 32. Rg2 Qd6 33. Reg1 Rg6 34. Be7
Rxe7 35. Rxg6 Bxd5+ 36. cxd5 Qxd5+ 37. R6g2 Re6 38. h3 Rg6 39. Kh2 Kg7 40. Qe7+
1-0

[Event "GBR-ch77"]
[Site "Eastbourne"]
[Date "1990.08.08"]
[Round "9.14"]
[White "Lewis, Andrew P"]
[Black "McNab, Colin Anderson"]
[Result "0-1"]
[WhiteElo "2315"]
[BlackElo "2385"]
[PlyCount "60"]
[EventDate "1990.07.30"]
[EventType "swiss"]
[EventRounds "11"]
[EventCountry "GBR"]
[SourceTitle "BritBase"]

1. d4 d6 2. c4 e5 3. Nf3 e4 4. Nfd2 f5 5. e3 Nf6 6. Nc3 c5 7. Nb3 Nc6 8. f4
cxd4 9. Nxd4 Be7 10. Be2 O-O 11. O-O Kh8 12. h3 d5 13. cxd5 Nxd5 14. Nxd5 Qxd5
15. Nb5 Qc5 16. Bd2 Rd8 17. b4 Qb6 18. Rb1 Be6 19. a4 Rd7 20. Qc1 a6 21. Na3
Rc8 22. Rd1 Rcd8 23. Nc2 Bf6 24. g4 Ba2 25. g5 Bxb1 26. gxf6 Bxc2 27. fxg7+
Rxg7+ 28. Kh2 Bxd1 29. Bxd1 Rxd2+ 30. Qxd2 Qxb4 0-1

[Event "GBR-ch77"]
[Site "Eastbourne"]
[Date "1990.08.08"]
[Round "9.15"]
[White "Jones, Andrew"]
[Black "McDonald, Neil R"]
[Result "0-1"]
[WhiteElo "2245"]
[BlackElo "2350"]
[PlyCount "70"]
[EventDate "1990.07.30"]
[EventType "swiss"]
[EventRounds "11"]
[EventCountry "GBR"]
[SourceTitle "BritBase"]

1. e4 e6 2. d4 d5 3. Nc3 Bb4 4. e5 c5 5. a3 Bxc3+ 6. bxc3 Ne7 7. Qg4 O-O 8. Bd3
f5 9. exf6 Rxf6 10. Bg5 Nd7 11. Qh4 h6 12. Bxf6 Nxf6 13. Qg3 Qa5 14. Ne2 cxd4
15. O-O dxc3 16. Nxc3 Bd7 17. Ne2 Qc5 18. Kh1 b6 19. f4 Kh8 20. Ng1 Ne4 21. Qe1
Nf5 22. Bxe4 dxe4 23. Qb4 Rc8 24. Rfd1 Qxb4 25. axb4 Bb5 26. Ra2 e3 27. Re1 Rc4
28. Nh3 Rxb4 29. c3 Rb3 30. Rc1 a5 31. Kg1 a4 32. g3 Nd6 33. Kg2 a3 34. Kf3 Rb2
35. Rc2 e2 0-1

[Event "GBR-ch77"]
[Site "Eastbourne"]
[Date "1990.08.08"]
[Round "9.16"]
[White "Hebden, Mark"]
[Black "Cavendish, James"]
[Result "1/2-1/2"]
[WhiteElo "2520"]
[BlackElo "2325"]
[PlyCount "60"]
[EventDate "1990.07.30"]
[EventType "swiss"]
[EventRounds "11"]
[EventCountry "GBR"]
[SourceTitle "BritBase"]

1. d4 Nf6 2. Nf3 c5 3. e3 g6 4. c4 Bg7 5. Nc3 O-O 6. Be2 cxd4 7. exd4 d5 8. O-O
Nc6 9. h3 Be6 10. Bg5 Qa5 11. Qb3 dxc4 12. Qxb7 Rfc8 13. Qb5 Qxb5 14. Nxb5 Rab8
15. a4 a6 16. Na3 Na5 17. Rab1 Bf5 18. Rbc1 Rxb2 19. Bxc4 Nxc4 20. Nxc4 Rb4 21.
Ne3 Rxc1 22. Rxc1 h6 23. Nxf5 gxf5 24. Rc8+ Kh7 25. Bh4 Rxa4 26. Rc7 Nd5 27.
Rd7 e6 28. Rxf7 Ra1+ 29. Kh2 a5 30. Ra7 Kg6 1/2-1/2

[Event "GBR-ch77"]
[Site "Eastbourne"]
[Date "1990.08.08"]
[Round "9.17"]
[White "Basman, Michael J"]
[Black "Carton, Niall"]
[Result "1-0"]
[WhiteElo "2370"]
[BlackElo "2220"]
[PlyCount "51"]
[EventDate "1990.07.30"]
[EventType "swiss"]
[EventRounds "11"]
[EventCountry "GBR"]
[SourceTitle "BritBase"]

1. h3 e5 2. a3 g6 3. d4 Bg7 4. dxe5 Nc6 5. Nc3 Nxe5 6. e4 d6 7. Nf3 Nxf3+ 8.
Qxf3 Be6 9. Be2 h6 10. Be3 Ne7 11. Rd1 a6 12. O-O Nc6 13. Qg3 h5 14. f4 h4 15.
Qf2 Bd7 16. Nd5 Be6 17. c4 Qd7 18. b4 f5 19. exf5 Bxf5 20. Bf3 Kf8 21. c5 Re8
22. cxd6 cxd6 23. Nb6 Qc7 24. Nc4 Qe7 25. Rfe1 Nd4 26. Bxd4 1-0